01017nam a2200193 a 450000100060000000300090000600800410001502000150005604000280007108200170009910000740011624500510019026000340024130000120027550504490028765000340073665000340077065000190080415203CO-ViMGA141112s2004 ck r 000 u spa d a8448112547 aCO-ViMGAbspacCO-ViMGA04a370.15 B835m1 aBuendia Eisman, Leonor; Colas Bravo, Pilar; Hernandez Pina, Fuensanta10aMetodos de investigación en Psicopedagogía aMadrid (E)McGraw Hill, c1999 a342..p. aProceso de la Investigación educativa La Investigación experimental Diseños de investigación experimental La investigación por encuesta La investigación observacional La encuesta y la metodología observacional Metodología cualitativa, sus practicas de investigación Metodos y tecnicas cualitativas de investigación en Psicopedagogia El análisis cualitativo de datos Investigaciónes realizadas con metodologia cualitativa14aInvestigación - educación14aMETODOLOGIA - Investigación14aPSICOPEDAGOGIA